01573 2200409 4500001002100000005001500021035002000036007000300056008004100059020002200100040002200122082001600144084001800160245026300178850001200441264004500453336002100498337002300519338003800542300003100580856007600611852002000687500006900707100003300776700003300809700003100842700004200873700002700915700002900942700003300971700004101004700002901045700002801074650001701102990002201119990002201141INLIS00000000087446120220929015823 a0010-0922001989ta211126s2016 jkijkia g ind d a978-602-03-2952-9 aYOPDYOGbinderda04223a612.664 a612.664 YOV m10aMenyusui itu seruu!! :b34 kisah nyata pengalaman menyusui /cYovita S. Hapsari, Nancy Lumban Batu, Yenny Satriawan, Maria Margaretta Nugrahani, Kun Herrini, Lies Sulistyo, Wiwien Prasetyati, Yustina Mamik Widhartantri, Veronica Vera; penyunting, Kun Herrini aYOPDYOG31aJakarta :bGramedia Pustaka Utama,c2016 2rdacontentateks 2rdamediaakomputer 2rdacarrierasumber sambung jaring a1 berkas komputer (14,1MB)40nPerpustakaan Digital iJogjauhttp://ijogja.id /publications/books/233038 aaplikasi iJogja aUntuk mengakses buku ini silakan unduh aplikasi http://ijogja.id0 aYovita S. HapsariePengarang0 aNancy Lumban BatuePengarang0 aYenny SatriawanePengarang0 aMaria Margaretta NugrahaniePengarang0 aKun HerriniePengarang0 aLies SulistyoePengarang0 aWiwien PrasetyatiePengarang0 aYustina Mamik WidhartantiePengarang0 aVeronica VeraePengarang0 aKun HerriniePenyunting 4aAir susu ibu a004011-EPD/B.2017 a004012-EPD/B.2017